000 00807nam a22002652 4500
001 0000023396
003 OSt
005 20231024123902.0
008 121120s xx 000 0 eng d
020 _a152684723x
040 _aKABU
_cKABU
050 _aHF5415
_b.J63 2020
100 1 _aJobber, David.
245 1 0 _aPrinciples and practice of marketing /
_cDavid Jobber.
250 _a9th ed.
260 _aMaidenhead, England :
_bMcGraw-Hill,
_c2020
300 _axxx, 831p.
650 0 _aMarketing.
700 _aEllis-Chadwick, Fiona
908 _a121120
942 _2lcc
_cBK
999 _c20351
_d20350